Sports Quiz

Random Sports or WWE Quiz

Wrestling Tag Teams, Stables and Factions Quiz Stats

 Plays Quiz Updated Mar 13, 2015

Score 0/201 Timer 20:00
3 Plays Today
Members Team % Correct
Shawn Michaels, Triple H & ChynaD-Generation X
67.9%
Bubba Ray & D-VonThe Dudley Boyz
66.2%
Matt & JeffThe Hardy Boyz
66.2%
Hollywood Hogan, Kevin Nash, Scott Hall, Syxx & The GiantThe New World Order
65.5%
Hawk & AnimalThe Road Warriors
64.5%
Triple H, Ric Flair, Randy Orton & BatistaEvolution
63.6%
The Undertaker & KaneThe Brothers of Destruction
62.2%
Road Dogg & Billy GunnThe New Age Outlaws
61.8%
Faarooq & BradshawThe Acolytes Protection Agency
61.6%
Mankind & The RockThe Rock 'n' Sock Connection
61.1%
Shawn Michaels & Marty JannettyThe Rockers
60.9%
Bret Hart & Jim NeidhartThe Hart Foundation
60.6%
Ric Flair, Arn Anderson, Ole Anderson & Tully BlanchardThe Four Horsemen
60.4%
Wade Barrett, David Otunga, Heath Slater, Justin Gabriel & Skip SheffieldThe Nexus
60.1%
Edge & Randy OrtonRated RKO
58.8%
Gangrel, Edge & ChristianThe Brood
58.1%
Faarooq, Kama Mustafa, D'Lo Brown & The RockThe Nation of Domination
57.4%
Randy Orton, Cody Rhodes & Ted Dibiase Jr.The Legacy
56.7%
Kevin Nash & Scott HallThe Outsiders
56.4%
Joey Mercury, Johnny Nitro & MelinaMNM
55.2%
Rick & ScottThe Steiner Brothers
55.1%
Grandmaster Sexay & Scotty 2 HottyToo Cool
54.8%
Booker T & Stevie RayHarlem Heat
54.6%
Vince McMahon, The Rock, Ken Shamrock, The Big Boss Man, Gerald Brisco & Pat PattersonThe Corporation
54.2%
The Undertaker, Faarooq, Bradshaw, Viscera & MideonThe Ministry of Darkness
54.1%
Ax, Smash & CrushDemolition
52.8%
Kenny, Johnny, Mitch, Nicky & MikeyThe Spirit Squad
52.8%
CM Punk, Luke Gallows & SerenaThe Straight Edge Society
52.7%
Earthquake & TyphoonThe Natural Disasters
51.7%
Hulk Hogan & Randy SavageThe Mega Powers
50.8%
Luke & ButchThe Bushwhackers
50.5%
Charlie Haas & Shelton BenjaminThe World's Greatest Tag Team
50.5%
Davey Boy Smith & The Dynamite KidThe British Bulldogs
50.4%
Shad Gaspard & JTGCryme Tyme
50.4%
Mosh & ThrasherThe Headbangers
49.9%
Brian Knobbs & Jerry SagsThe Nasty Boys
47.8%
Steven Richards, Ivory, Bull Buchanan, Val Venis & The GoodfatherThe Right To Censor
47.3%
Billy & BartThe Smoking Gunns
45.4%
Chris Benoit, Eddie Guerrero, Dean Malenko & Perry SaturnThe Radicalz
45.1%
James Storm & Robert RoodeBeer Money, Inc.
44.7%
Michael Hayes, Terry Gordy & Buddy RobertsThe Fabulous Freebirds
44.6%
Ted DiBiase & Irwin R. SchysterMoney Inc.
44.3%
Steve Austin & Brian PillmanThe Hollywood Blonds
43.9%
Rodney, Pete Gas & Joey AbsThe Mean Street Posse
42.1%
Rosey & Jamal3-Minute Warning
42.1%
DH Smith, Tyson Kidd & NatalyaThe Hart Dynasty
42.1%
Lance Storm, Christian, William Regal & TestThe Un-Americans
41.9%
Afa & SikaThe Wild Samoans
41.8%
Al Snow, Bob Holly, Scorpio, The Blue Meanie & GillbergThe J.O.B. Squad
41.1%
Kurt Angle, Sting, Booker T, Kevin Nash & Scott SteinerThe Main Event Mafia
40.9%
Raven, Kidman, Reese, Hammer, Riggs, Sick Boy & LodiThe Flock
39.9%
Big Stevie Cool, Da Blue Guy & Hollywood NovaThe Blue World Order
39.7%
Mo, Mabel & OscarMen On a Mission
39%
Fatu & SamuThe Headshrinkers
38.8%
Angelina Love & Velvet SkyThe Beautiful People
38.4%
René Duprée, Sylvain Grenier & Rob ConwayLa Résistance
38%
Triple H & Steve AustinThe Two-Man Power Trip
37.1%
Alex Shelley & Chris SabinThe Motor City Machineguns
36.7%
Little Guido, Sal E. Graziano, Tracy Smothers & Tommy RichThe Full Blooded Italians
36.6%
John Bradshaw Layfield, Orlando Jordan, Doug Basham & Danny BashamThe Cabinet
36.5%
Super Crazy, Psicosis & Juventud GuerreraThe Mexicools
36%
Skip, Zip & SunnyThe Body Donnas
35.7%
Juventud Guerrera, La Parka, Psychosis, El Dandy, Silver King & Eddie GuerreroThe Latino World Order
35.5%
Konnan, Homicide & HernandezThe Latin American Xchange
34.6%
Robbie McCallister & Rory McCallisterThe Highlanders
34.4%
Golga, Kurrgan & Giant SilvaThe Oddities
34.3%
X-Pac, Justin Credible & AlbertX-Factor
34%
Members Team % Correct
Ricky Morton & Robert GibsonThe Rock 'n' Roll Express
33.8%
Marty Jannetty & Leif CassidyThe New Rockers
33%
Arn Anderson & Tully BlanchardThe Brain Busters
32.8%
Al Snow & Steve BlackmanHead Cheese
32.3%
Crush, Chainz, Skull & 8-BallThe Disciples of Apocalypse
32.1%
Jim Brunzell & B. Brian BlairThe Killer Bees
32.1%
Mulligan & LanzaThe Blackjacks
31.9%
Rocco Rock & Johnny GrungeThe Public Enemy
31.9%
Terri Runnels, Jacqueline & Ryan ShamrockPretty Mean Sisters
31.7%
Akeem & The Big Boss ManThe Twin Towers
31.5%
Elijah Burke, Kevin Thorn, Marcus Cor Von, CM Punk & Matt StrikerThe New Breed
31.1%
Petey Williams, Bobby Roode, Johnny Devine, A-1 & Eric YoungTeam Canada
30.1%
Mankind, Ken Shamrock, Test & The Big Show The Union
30%
Brian Adams & Bryan ClarkKroniK
30%
Jacques & RaymondThe Fabulous Rougeau Brothers
29.7%
Shane Helms, Shannon Moore & Evan Karagias3 Count
29.7%
Jay & MarkThe Briscoe Brothers
28.3%
Chris Harris & James StormAmerica's Most Wanted
28.2%
Jacques Rougeau & Carl OueletteThe Quebecers
28.2%
Kevin Sullivan, The Zodiac, The Shark, Kamala & The GiantThe Dungeon of Doom
27.5%
The Warlord & The BarbarianThe Powers of Pain
27.4%
Tito Santana & Rick MartelStrike Force
27.4%
King Kong Bundy, Paul Orndorff, Big John Studd, Rick Rude, Haku & Mr. PerfectThe Heenan Family
26.9%
Hercules & Paul RomaPower & Glory
26.8%
Ron Simmons & Butch ReedDoom
26.3%
Matt Jackson & Nick JacksonThe Young Bucks
26.1%
Sho Funaki, Dick Togo & Men's TeiohKaientai
25.9%
Beau & BlakeThe Beverly Brothers
25.8%
Davey Richards & Eddie EdwardsThe American Wolves
25.5%
Konnan, Rey Mysterio Jr. & KidmanThe Filthy Animals
24.4%
Ted DiBiase, Nikolai Volkoff, Irwin R. Schyster, Bam Bam Bigelow, Tatanka & Sycho SidThe Million Dollar Corporation
24.3%
The Honky Tonk Man & Greg ValentineRhythm & Blues
24.3%
Marcus Bagwell & Scotty RiggsThe American Males
24%
Koko B. Ware & Owen HartHigh Energy
23.9%
Curt Hennig, Barry Windham, Kendall Windham & Bobby Duncum Jr.The West Texas Rednecks
23.6%
Perry Saturn & John KronusThe Eliminators
23.3%
Owen Hart & Jim NeidhartThe New Foundation
23.2%
Rex, Spot, Spike, King & CujoThe Moondogs
23.1%
New Jack & Mustapha SaedThe Gangstas
22.9%
Dennis Condrey & Bobby EatonThe Midnight Express
22.9%
Kevin Sullivan, Mike Rotunda, Rick Steiner & Steve WilliamsThe Varsity Club
22.7%
B.G. James, Ron Killings & KonnanThe 3Live Kru
22.2%
Rick Rude, Arn Anderson, Bobby Eaton & Steve AustinThe Dangerous Alliance
22.1%
Brutus Magnus & Doug WilliamsThe British Invasion
21.5%
General Rection, G.I. Bro, Lieutenant Loco, Corporal Cajun & Sgt. AWOLThe Misfits In Action
20.6%
André the Giant & HakuThe Colossal Connection
20.6%
Chris Hero & Claudio CastagnoliThe Kings of Wrestling
20.6%
Lex Luger & Davey Boy SmithThe Allied Powers
20.5%
Greg Valentine & Brutus BeefcakeThe Dream Team
20.4%
Haku & TamaThe Islanders
20.4%
Diamond Dallas Page, Chris Kanyon & Bam Bam BigelowThe Jersey Triad
20.4%
Steven Regal, David Taylor & Robert EatonThe Blue Bloods
20.4%
Nikolai Volkoff & Boris ZhukovThe Bolsheviks
19.8%
Sato & TanakaThe Orient Express
19.7%
Dennis Knight & Mark CanterburySouthern Justice
19.6%
Sid Vicious & Dan SpiveyThe Skyscrapers
19.3%
Barry Windham & Mike RotundaThe U.S. Express
19.2%
Justin Credible & Lance StormThe Impact Players
19.2%
Tom Prichard & Jimmy Del RayThe Heavenly Bodies
19.2%
D'Lo Brown & ChazLo Down
19.1%
Savio Vega, Miguel Perez, Jose Estrada Jr. & Jesus CastilloLos Boricuas
19%
Kaz Hayashi, Yang & Jamie-SanThe Jung Dragons
18.9%
Scott Norton & Ice TrainFire and Ice
18.2%
The Jackyl, Recon, Sniper & Kurrgan the InterrogatorThe Truth Commission
18.2%
Shane Douglas, Chris Candido & Bam Bam BigelowThe Triple Threat
17.9%
Rick Martel & Tom ZenkThe Can-Am Connection
17.3%
Hulk Hogan & Brutus BeefcakeThe Mega-Maniacs
17.2%
Members Team % Correct
Gene Anderson, Lars Anderson & Ole AndersonThe Minnesota Wrecking Crew
17.1%
Christopher Daniels, Low Ki & Elix SkipperTriple X
17.1%
Meng & The BarbarianThe Faces of Fear
17%
CM Punk, Colt Cabana & Ace SteelThe Second City Saints
16.6%
Shane Douglas, Perry Saturn, Dean Malenko & Chris BenoitThe Revolution
16.1%
J.C. Ice & Wolfie DPG-13
16%
Fire Ant, Soldier Ant, Worker Ant & Green AntThe Colony
15.7%
Chris Jericho & Lance StormThe Thrillseekers
15.5%
Disco Inferno & Alex WrightThe Boogie Knights
15.4%
Paul Orndorff & Paul RomaPretty Wonderful
15.3%
Shane Douglas & Johnny AceThe Dynamic Dudes
15.2%
Cyrus, Steve Corino, Rhino, Yoshihiro Tajiri & Jack VictoryThe Network
14.4%
Romeo Roselli & Antonio ThomasThe Heartbreakers
14.3%
Paul Roma & Jim PowersThe Young Stallions
14.2%
Arn Anderson & Larry ZbyszkoThe Enforcers
13.8%
Andy Douglas & Chase StevensThe Naturals
13.6%
Christopher Daniels & Frankie KazarianBad Influence
13.5%
Eric Young, Sheik Abdul Bashir, Doug Williams, Kiyoshi & HomicideWorld Elite
13.1%
Big Vito & Johnny the BullThe Mamalukes
12.4%
Mike Sanders, Shawn Stasiak, Mark Jindrak, Sean O'Haire & Chuck PalumboThe Natural Born Thrillers
12.3%
Michael Wallstreet, Terrance Taylor, Richard Morton & Thomas RichThe York Foundation
12.2%
Bobby Fulton & Tommy RogersThe Fantastics
11.9%
Buff Bagwell & Scott NortonVicious and Delicious
11.7%
Rock & FlashThe Blade Runners
11.5%
Robbie Rage & Kenny KaosHigh Voltage
11.5%
Paul Diamond & Pat TanakaBadd Company
11%
Adrian Adonis & Jesse VenturaThe East-West Connection
10.5%
Jimmy Jacobs, Necro Butcher & Tyler BlackThe Age of the Fall
10.4%
Vampiro, Violent J, Shaggy 2 Dope & The Great MutaThe Dark Carnival
10.3%
Stan Lane & Steve KeirnThe Fabulous Ones
10.3%
Jose Maximo & Joel MaximoThe S.A.T.
10%
Tracy Smothers & Steve ArmstrongThe Southern Boys
9.9%
Tony DeVito, Vic Grimes, P.N. News, Vito LoGrasso & AngelDa Baldies
9.8%
Simon Diamond, Trytan, David Young & Elix SkipperThe Diamonds in the Rough
9.7%
Rhett Titus & Kenny KingThe All-Night Express
9.5%
Prince Nana, Oman Tortuga, Diablo Santiago, Alex Shelley & Jimmy RaveThe Embassy
9.2%
Travis & TroyTekno Team 2000
9.2%
Shawn Stasiak & Chuck PalumboThe Perfect Event
9.1%
Lodi & Lenny LaneThe West Hollywood Blondes
9%
Tempest, Slash, Malice, Brian Lee & James MitchellThe Disciples of the New Church
8.8%
Dick Murdoch & Dusty RhodesThe Outlaws
8.4%
Alex Shelley, Austin Aries, Roderick Strong & Jack EvansGeneration Next
8.3%
Raven, Julio Dinero, Alexis Laree & CM PunkThe Gathering
8.1%
Axl Rotten & Ian RottenThe Bad Breed
8%
Trent Acid & Johnny KashmereThe Backseat Boyz
7.5%
Greg Gagne & Jim BrunzellThe High Flyers
7.4%
Mikey Whipwreck & Yoshihiro TajiriThe Unholy Alliance
6.3%
Buddy Lee Parker & James Earl WrightThe State Patrol
6.1%
Amasis & OphidianThe Osirian Portal
5.8%
Rocky Romero & Ricky ReyesThe Havana Pitbulls
5.7%
Adrian Adonis & Dick MurdochThe North-South Connection
5.5%
Izzy, Dixie, Elax, Hydro, Deranged & Angel DustSpecial K
5.4%
Lacey & RainThe Minnesota Home Wrecking Crew
5.4%
Ruckus, Sabian, Joker & Eddie KingstonThe Blackout
5.3%
Claudio Castagnoli, Ares, Pinkie Sanchez, Tim Donst, Sara Del Rey & Daizee HazeDie Bruderschaft des Kreuzes
5.3%
King Kong Bundy, Rick Rude, Jim Neidhart, Ox Baker, Kamala, Eddie Gilbert & Randy SavageThe First Family
5.2%
Christopher Daniels, Donovan Morgan, Dan Maff, Xavier & Simply LusciousThe Prophecy
5%
Icarus & Gran AkumaTeam F.I.S.T.
5%
Steel, Iron & BladeThe Master Blasters
4.8%
Homicide, Julius Smokes, Ricky Reyes, Rocky Romero & Low KiThe Rottweilers
4.7%
Kory Chavis & Jon DavisThe Dark City Fight Club
4.1%
STIGMA, Colin Delaney & Vin GerardThe UnStable
4%
Kevin Dunn & Kirby MarcosThe Ring Crew Express
3.7%
UltraMantis Black, Hydra & CrossbonesThe Order of the Neo-Solar Temple
3.5%
B.J. Whitmer & Jimmy JacobsLacey's Angels
3.4%
HC Loc & Tony DeVitoThe Carnage Crew
3.1%
Kevin Sullivan, The Purple Haze, Maha Singh, Luna Vachon, The Lock & The Fallen AngelThe Army of Darkness
2.7%

You're not logged in!

Compare scores with friends on all Sporcle quizzes.
OR
Log In

Sporcle TV

Today on Sporcle TV


Watch our educational content, quiz creation guides, and fun videos on Sporcle TV.

Show Comments

Extras

Top Quizzes Today


Score Distribution

Your Account Isn't Verified!

In order to create a playlist on Sporcle, you need to verify the email address you used during registration. Go to your Sporcle Settings to finish the process.

Report this User

Report this user for behavior that violates our Community Guidelines.

Details: